15 Największych Miast w Państwach Bałkańskich na Mapie - Statystyki

Ogólne statystyki
  • Ten quiz został rozwiązany 50 razy
  • Średni wynik to 13 z 15
Odpowiedzi na mapie
Odpowiedzi zakodowano w zielono-czerwonej skali na mapie do tego quizu, zgodnie z poniższymi procentami.
 
Statystyki odpowiedzi
Państwo Miasto Populacja % Poprawnych
Rumunia Bukareszt 1,7 mln
100%
Bułgaria Sofia 1,2 mln
100%
Grecja Ateny 3,1 mln
97%
Serbia Belgrad 1,2 mln
97%
Bośnia i Hercegowina Sarajewo 350k
97%
Macedonia Północna Skopje 420k
97%
Mołdawia Kiszyniów 565k
94%
Słowenia Lublana 290k
94%
Grecja Saloniki 800k
94%
Albania Tirana 390k
94%
Chorwacja Zagrzeb 660k
90%
Bułgaria Warna 320k
84%
Bułgaria Płowdiw 330k
55%
Rumunia Kluż-Napoka 285k
39%
Rumunia Jassy 270k
32%
Nie znaleziono quizów pasujących do podanych kryteriów
Rozkład punktacji
Procent ludzi z każdym wynikiem
Percentyl według liczby udzielonych odpowiedzi
Twoja historia wyników
Nie rozwiązałeś tego quizu